[Event "9.Offene Senioren SH 2015"]
[Site "Buesum"]
[Date "2015.09.30"]
[Round "3.29"]
[White "Opitz, Christian"]
[Black "Fritsch, Juergen"]
[Result "0-1"]
[WhiteElo "2016"]
[BlackElo "1868"]
[PlyCount "126"]
[EventDate "2015.??.??"]
[WhiteTeam "SK Radolfzell"]
[BlackTeam "SK Lister Turm"]

1. e4 e5 2. Nf3 Nc6 3. Bc4 Bc5 4. d3 d6 5. Nc3 Nd4 6. Nxd4 Bxd4 7. Qh5 g6 8. Qf3
Be6 9. Bb3 c6 10. Be3 Bxe3 11. Qxe3 Qe7 12. O-O Nf6 13. f4 O-O 14. Rae1 Kg7 15.
f5 Bxb3 16. axb3 h6 17. Ne2 Qd8 18. Qg3 Nh5 19. Qf3 Qg5 20. Kh1 Nf6 21. Ng3 Qg4
22. Qxg4 Nxg4 23. Rf3 Nf6 24. h3 Nh7 25. Ref1 h5 26. h4 Nf6 27. Rg1 Ng4 28. Nf1
f6 29. fxg6 Kxg6 30. Ng3 Nh6 31. Rgf1 Rf7 32. Kh2 Raf8 33. Nf5 Nxf5 34. Rxf5 d5
35. Kh3 dxe4 36. dxe4 Rd8 37. g4 hxg4+ 38. Kxg4 Rd2 39. h5+ Kg7 40. R1f2 Rd1 41.
Rg2 Kh6 42. Rff2 Rg7+ 43. Kh3 Rxg2 44. Kxg2 Kxh5 45. Rxf6 Rd2+ 46. Kf3 Rxc2 47.
Rf5+ Kg6 48. Rxe5 Rxb2 49. Re7 Rxb3+ 50. Kf4 a5 51. Ke5 a4 52. Re8 Kf7 53. Ra8
Rb4 54. Ra7 Ke7 55. Ra8 Kd7 56. Kf5 b5 57. Ra7+ Kd6 58. e5+ Kc5 59. e6 Rb1 60.
e7 Re1 61. Kf6 Kb4 62. Rd7 c5 63. Rd5 Rxe7 0-1

[Event "9.Offene Senioren SH 2015"]
[Site "Buesum"]
[Date "2015.09.30"]
[Round "3.30"]
[White "Smits, Oswald"]
[Black "Kluger, Hans-Peter"]
[Result "0-1"]
[WhiteElo "1866"]
[BlackElo "2015"]
[PlyCount "173"]
[EventDate "2015.??.??"]
[WhiteTeam "SF Taunus"]
[BlackTeam "SF Fallersleben"]

1. d4 d5 2. Nf3 Nf6 3. e3 Bg4 4. Nbd2 e6 5. Be2 Bd6 6. O-O Nbd7 7. c4 c5 8. dxc5
Bxc5 9. cxd5 Nxd5 10. Ne4 Be7 11. Nd4 Bxe2 12. Qxe2 O-O 13. Ng3 Rc8 14. e4 Nb4
15. a3 Nc6 16. Be3 Nde5 17. Rfd1 Qa5 18. b4 Qa4 19. Qb5 Qxb5 20. Nxb5 a6 21. Nd6
Bxd6 22. Rxd6 Nc4 23. Rd3 N6e5 24. Rc3 Nxe3 25. Rxe3 Rfd8 26. f3 b5 27. Kf1 Rc2
28. Re2 Rc3 29. Rea2 g6 30. Ne2 Rcd3 31. Kf2 g5 32. h3 h5 33. a4 Rb3 34. axb5
axb5 35. Ng3 Nd3+ 36. Kf1 Nxb4 37. Re2 h4 38. Nh5 Kh7 39. Nf6+ Kg6 40. Ng4 f6
41. e5 f5 42. Nf2 Rc8 43. Rd1 Nd5 44. Ra1 Rbc3 45. Nd1 Rc1 46. Rxc1 Rxc1 47. Rd2
b4 48. Ke2 f4 49. Nb2 Rc3 50. Nd1 Ra3 51. Rb2 Kf5 52. Nf2 b3 53. Kd3 Ra2 54. Nd1
Rxb2 55. Nxb2 Ne3 56. Kc3 Nxg2 57. Nd3 Ne3 58. Kxb3 Nf1 59. Kc3 Nh2 60. Ne1 Kxe5
61. Kd2 Nf1+ 62. Ke2 Ne3 63. Nd3+ Kd4 64. Nf2 Ke5 65. Ne4 Kf5 66. Nd6+ Kg6 67.
Ne4 Nf5 68. Kf2 Ng3 69. Nc5 Kf5 70. Nd3 e5 71. Ne1 e4 72. fxe4+ Nxe4+ 73. Kf3
Nd2+ 74. Ke2 Nc4 75. Nf3 Ne5 76. Nh2 Ke4 77. Kf2 f3 78. Ke1 Kf4 79. Nf1 Nc4 80.
Kf2 Ne5 81. Kg1 Nd3 82. Kh2 Nf2 83. Nd2 Ke3 84. Nc4+ Ke2 85. Ne5 Ne4 86. Ng4 f2
87. Ne3 0-1

[Event "9.Offene Senioren SH 2015"]
[Site "Buesum"]
[Date "2015.09.30"]
[Round "3.31"]
[White "Ophoff, Rigobert"]
[Black "Kolkwitz, Klaus"]
[Result "1/2-1/2"]
[WhiteElo "2009"]
[BlackElo "1849"]
[PlyCount "54"]
[EventDate "2015.??.??"]
[WhiteTeam "Rhedaer SV"]
[BlackTeam "ESV Eberswalde"]

1. d4 g6 2. c4 Bg7 3. Nc3 d6 4. e4 c6 5. f3 e6 6. Be3 Ne7 7. Qd2 O-O 8. Bd3 Na6
9. Nge2 Nb4 10. Bb1 Na6 11. a3 Nc7 12. Bd3 e5 13. d5 f5 14. O-O-O fxe4 15. fxe4
Ne8 16. h3 Nf6 17. g4 Bd7 18. Rdf1 b5 19. dxc6 Bxc6 20. cxb5 Bb7 21. g5 Nh5 22.
Bc4+ Kh8 23. Kb1 Qc7 24. Bd5 Nxd5 25. Nxd5 Qc4 26. Rxf8+ Rxf8 27. Nec3 Ng3
1/2-1/2

[Event "9.Offene Senioren SH 2015"]
[Site "Buesum"]
[Date "2015.09.30"]
[Round "3.32"]
[White "Blosze, Winfried"]
[Black "Lehmann, Erwin"]
[Result "0-1"]
[WhiteElo "1846"]
[BlackElo "2001"]
[PlyCount "86"]
[EventDate "2015.??.??"]
[WhiteTeam "SV Grossauheim"]
[BlackTeam "Ahrensburger TSV"]

1. e4 d5 2. exd5 Qxd5 3. Nc3 Qa5 4. Nf3 c6 5. d3 Bg4 6. Bd2 Nd7 7. h3 Bxf3 8.
Qxf3 g6 9. Be2 Bg7 10. O-O Ngf6 11. b4 Qc7 12. Rab1 O-O 13. b5 c5 14. Nd5 Nxd5
15. Qxd5 Nb6 16. Qe4 Rad8 17. Bf3 Rd7 18. Bf4 e5 19. Bg3 f5 20. Qe1 Qd6 21. Rb3
Nd5 22. Qc1 h6 23. Rd1 f4 24. Bh2 Nf6 25. Ra3 b6 26. Bc6 Re7 27. Ra4 a5 28. Re1
g5 29. Qd1 Nd5 30. Rc4 Nb4 31. c3 Nxc6 32. bxc6 Rc7 33. Qf3 Qxc6 34. Qg4 Qd7 35.
Qe2 Rd8 36. d4 exd4 37. cxd4 Bxd4 38. Qe6+ Qxe6 39. Rxe6 b5 40. Rc1 Kg7 41. Rb6
b4 42. g3 c4 43. gxf4 Bxb6 0-1

[Event "9.Offene Senioren SH 2015"]
[Site "Buesum"]
[Date "2015.09.30"]
[Round "3.33"]
[White "Niebuhr, Gerd"]
[Black "Kreie, Guenter"]
[Result "1/2-1/2"]
[WhiteElo "1999"]
[BlackElo "1843"]
[PlyCount "55"]
[EventDate "2015.??.??"]
[WhiteTeam "Freibauer Wedemark"]
[BlackTeam "TuS Eichholz-Remmighausen"]

1. d4 d5 2. c4 e6 3. Nc3 Nf6 4. Nf3 c5 5. cxd5 exd5 6. g3 cxd4 7. Nxd4 Nc6 8.
Bg2 Bc5 9. Be3 Be7 10. O-O O-O 11. Nb3 Be6 12. Bc5 Rc8 13. Rc1 b6 14. Bxe7 Qxe7
15. Nb5 Rfe8 16. N5d4 Nxd4 17. Nxd4 Rxc1 18. Qxc1 Rc8 19. Qe3 Qc5 20. Rd1 Bd7
21. Qd2 Be6 22. Nb3 Qc2 23. Rc1 Qxd2 24. Rxc8+ Bxc8 25. Nxd2 Be6 26. a3 Kf8 27.
e4 dxe4 28. Nxe4 1/2-1/2

[Event "9.Offene Senioren SH 2015"]
[Site "Buesum"]
[Date "2015.09.30"]
[Round "3.34"]
[White "Brandt, Fred"]
[Black "Kuehn, Peter"]
[Result "1/2-1/2"]
[WhiteElo "1839"]
[BlackElo "1985"]
[PlyCount "28"]
[EventDate "2015.??.??"]
[WhiteTeam "Koenigsjaeger Sued-West"]
[BlackTeam "SV Malchow"]

1. d4 Nf6 2. Nf3 g6 3. e3 Bg7 4. Bd3 c5 5. c3 cxd4 6. exd4 d5 7. Nbd2 Nc6 8. h3
O-O 9. O-O Nh5 10. Nb3 Qc7 11. Re1 e5 12. dxe5 Nxe5 13. Nxe5 Bxe5 14. Bh6 Bg7
1/2-1/2

[Event "9.Offene Senioren SH 2015"]
[Site "Buesum"]
[Date "2015.09.30"]
[Round "3.35"]
[White "Riek, Wolfgang"]
[Black "Juenger, Leonhard"]
[Result "1/2-1/2"]
[WhiteElo "1982"]
[BlackElo "1826"]
[PlyCount "100"]
[EventDate "2015.??.??"]
[WhiteTeam "SC Muelheim"]
[BlackTeam "Aachener SV"]

1. Nf3 Nf6 2. d4 e6 3. c4 b6 4. Nc3 Bb7 5. Bg5 Be7 6. e3 h6 7. Bh4 O-O 8. Bd3 d5
9. O-O Nbd7 10. Rc1 dxc4 11. Bxc4 Ne4 12. Bxe7 Qxe7 13. Bd3 Ndf6 14. Ne5 c5 15.
Nxe4 Nxe4 16. Qc2 Nd6 17. dxc5 bxc5 18. Qxc5 Rfc8 19. Qd4 Qg5 20. g3 Qe7 21. a3
a6 22. f4 g6 23. Ng4 f5 24. Ne5 Kh7 25. Qa4 Nb5 26. Bxb5 axb5 27. Qd4 Bd5 28.
Rc3 Qb7 29. Rfc1 Rxc3 30. Qxc3 Rg8 31. Qc7+ Rg7 32. Qd8 Bh1 33. Rc2 Qe4 34. Re2
Qb1+ 35. Kf2 Bd5 36. Nd7 Rxd7 37. Qxd7+ Kg8 38. Qc8+ Kg7 39. Qc7+ Kf8 40. Qb8+
Ke7 41. Qxb5 Qh1 42. Qc5+ Kf7 43. Rc2 Qxh2+ 44. Ke1 Qxg3+ 45. Kd2 g5 46. Qc7+
Kg6 47. Qe5 Qf2+ 48. Kc3 Qe1+ 49. Kd4 Qd1+ 50. Kc3 Qe1+ 1/2-1/2

[Event "9.Offene Senioren SH 2015"]
[Site "Buesum"]
[Date "2015.09.30"]
[Round "3.36"]
[White "Nowack, Achim"]
[Black "Hellwege, Werner"]
[Result "1-0"]
[WhiteElo "1798"]
[BlackElo "1976"]
[PlyCount "89"]
[EventDate "2015.??.??"]
[WhiteTeam "SK Kaltenkirchen"]
[BlackTeam "SK Lister Turm"]

1. e4 c5 2. Nf3 d6 3. d3 Nc6 4. g3 g6 5. Bg2 Bg7 6. O-O e6 7. Re1 Nge7 8. Nc3
O-O 9. Bg5 h6 10. Be3 Rb8 11. Qd2 Kh7 12. d4 cxd4 13. Nxd4 Nxd4 14. Bxd4 Bxd4
15. Qxd4 Nc6 16. Qd2 Qe7 17. Rad1 Rd8 18. h4 b5 19. Ne2 Ne5 20. Nd4 Qc7 21. Nf3
Nc4 22. Qc1 Bb7 23. b3 Nb6 24. Qf4 Qe7 25. Nh2 e5 26. Qe3 h5 27. Nf3 f6 28. Bf1
a6 29. Qxb6 Bxe4 30. Qe3 Bxc2 31. Rd2 Bf5 32. Red1 Be6 33. Rc1 Rb7 34. Rdc2 Rdd7
35. Ne1 Kg7 36. Bg2 Ra7 37. Rc6 d5 38. Nd3 Bf7 39. Qb6 Rab7 40. Qa5 e4 41. Nc5
Rbc7 42. Rxc7 Rxc7 43. Qxc7 Qe8 44. Re1 f5 45. Nd7 1-0

[Event "9.Offene Senioren SH 2015"]
[Site "Buesum"]
[Date "2015.09.30"]
[Round "3.37"]
[White "Gudat, Alfons"]
[Black "Bordasch, Christian"]
[Result "1/2-1/2"]
[WhiteElo "1969"]
[BlackElo "1798"]
[PlyCount "128"]
[EventDate "2015.??.??"]
[WhiteTeam "SK Oldenburg"]
[BlackTeam "SK Norderstedt"]

1. Nf3 d5 2. d4 Nf6 3. c4 e6 4. Nc3 c6 5. Qc2 dxc4 6. a4 Be7 7. e4 O-O 8. Bxc4
Qc7 9. O-O Nbd7 10. Bg5 e5 11. d5 c5 12. Nb5 Qb8 13. Rad1 Bd6 14. Bd3 b6 15. Na3
a5 16. Bb5 Ba6 17. Rfe1 Bxb5 18. Nxb5 Ne8 19. Nd2 f6 20. Bh4 Qd8 21. Nc4 Nb8 22.
Bg3 Na6 23. Qe2 Nb4 24. Rd2 Rb8 25. Qg4 Qe7 26. Qe6+ Qxe6 27. dxe6 Be7 28. f4
exf4 29. Bxf4 Rd8 30. Nxb6 Rxd2 31. Bxd2 Nd6 32. Nxd6 Bxd6 33. Nc4 Bc7 34. Be3
Nc2 35. Rd1 Nxe3 36. Nxe3 Re8 37. Rd7 Be5 38. Nf5 Rxe6 39. Rxg7+ Kf8 40. Rb7
Bd4+ 41. Nxd4 cxd4 42. Kf2 Rxe4 43. Rxh7 d3 44. Rd7 Re2+ 45. Kf3 Rxb2 46. Rxd3
Rb4 47. Ra3 Kf7 48. g4 f5 49. gxf5 Kf6 50. Kg3 Kxf5 51. h3 Kg5 52. Kf3 Kh4 53.
Ke2 Kh5 54. Kd3 Kh4 55. Kc2 Rc4+ 56. Kb2 Rb4+ 57. Kc2 Kh5 58. Kd2 Kh4 59. Ke2
Re4+ 60. Kf3 Rb4 61. Ra1 Rb3+ 62. Ke4 Kxh3 63. Kd5 Rb4 64. Kc5 Kg3 1/2-1/2

[Event "9.Offene Senioren SH 2015"]
[Site "Buesum"]
[Date "2015.09.30"]
[Round "3.38"]
[White "Potschka, Dieter"]
[Black "Kaufmann, Helmut"]
[Result "0-1"]
[WhiteElo "1791"]
[BlackElo "1959"]
[PlyCount "114"]
[EventDate "2015.??.??"]
[WhiteTeam "VfL Geesthacht"]
[BlackTeam "SK Eutingen"]

1. c4 g6 2. Nc3 Bg7 3. e3 e5 4. h3 d6 5. Be2 Ne7 6. Nf3 O-O 7. O-O h6 8. d4 Nbc6
9. d5 Nb8 10. b4 a5 11. b5 Nd7 12. Na4 b6 13. Bb2 f5 14. Qc2 Nf6 15. Nc3 Qe8 16.
Nh2 g5 17. f4 Nh5 18. Bxh5 Qxh5 19. Qe2 Qg6 20. fxe5 Bxe5 21. Nd1 Qg7 22. Bxe5
Qxe5 23. Qb2 Ng6 24. Nf3 Qe7 25. Nd4 Bd7 26. Qc2 Qe5 27. Rb1 Rf6 28. Nf3 Qe7 29.
Nd4 Raf8 30. Nf3 Qf7 31. Rb3 g4 32. Nd4 gxh3 33. Rf2 hxg2 34. Nf3 Re8 35. Rxg2
Kf8 36. Nf2 Ke7 37. Qd2 Kd8 38. Qd4 Nf8 39. Qh4 Kc8 40. Nd4 Nh7 41. Nh3 Rg6 42.
Nf4 Rxg2+ 43. Nxg2 Qg7 44. Qf2 Qg6 45. Rb2 Nf6 46. Nc6 Qg5 47. Qf4 Re4 48. Qxg5
hxg5 49. Rc2 Ng4 50. Rc3 Bxc6 51. dxc6 Ne5 52. Kf2 Rxc4 53. Rxc4 Nxc4 54. e4
fxe4 55. a4 Nb2 56. Ke3 Nxa4 57. Kxe4 Nc3+ 0-1

[Event "9.Offene Senioren SH 2015"]
[Site "Buesum"]
[Date "2015.09.30"]
[Round "3.39"]
[White "Zimmermann, Manfred"]
[Black "Eberhardt, Michael"]
[Result "0-1"]
[WhiteElo "1957"]
[BlackElo "1795"]
[PlyCount "77"]
[EventDate "2015.??.??"]
[WhiteTeam "Kieler SG"]
[BlackTeam "SC Agon Neumuenster"]

1. d4 Nf6 2. Nf3 e6 3. e3 b6 4. Bd3 Ba6 5. c4 c5 6. O-O Be7 7. b3 O-O 8. Bb2 d5
9. Nbd2 Bb7 10. Qe2 Ne4 11. Rfd1 Nd7 12. Ne5 Nxe5 13. dxe5 Nxd2 14. Rxd2 Qc7 15.
Qg4 Rad8 16. Rad1 dxc4 17. bxc4 Kh8 18. f4 f5 19. exf6 Bxf6 20. Qxe6 Rxd3 21.
Rxd3 Bxb2 22. Rd7 Qc6 23. Qh3 Bf6 24. R7d2 Bc8 25. Qh5 Qe4 26. Qe2 Be6 27. Rc1
g5 28. g3 gxf4 29. Rd6 fxe3 30. Rf1 Bg7 31. Rxf8+ Bxf8 32. Rd8 Kg8 33. Qh5 Qb1+
34. Kg2 Qxa2+ 35. Kf3 Qf2+ 36. Ke4 Qf6 37. Rb8 Bf7 38. Qg4+ Bg6+ 39. Kd5 0-1

[Event "9.Offene Senioren SH 2015"]
[Site "Buesum"]
[Date "2015.09.30"]
[Round "3.40"]
[White "Pamperin, Gerhard"]
[Black "Schencke, Guenther"]
[Result "1/2-1/2"]
[WhiteElo "1948"]
[BlackElo "1788"]
[PlyCount "110"]
[EventDate "2015.??.??"]
[WhiteTeam "SF Schwerin"]
[BlackTeam "SV Hankensbuettel"]

1. d4 d5 2. Nf3 Nf6 3. c4 c6 4. e3 Qc7 5. Nc3 Bg4 6. Bd2 e6 7. h3 Bxf3 8. Qxf3
Be7 9. Bd3 Nbd7 10. O-O O-O 11. Rac1 Rac8 12. Rc2 Qb8 13. Rfc1 dxc4 14. Bxc4 Nb6
15. Bd3 e5 16. dxe5 Qxe5 17. Ne2 Qd5 18. Qxd5 Nbxd5 19. a3 Rcd8 20. Ng3 g6 21.
Bc4 Rfe8 22. Bxd5 Nxd5 23. Kf1 f5 24. e4 fxe4 25. Nxe4 Bf8 26. f3 Bg7 27. Re1 h6
28. a4 Kf7 29. Bc1 Nf6 30. Nxf6 Rxe1+ 31. Kxe1 Kxf6 32. Be3 a6 33. Ke2 Kf7 34.
b3 h5 35. Rc4 Re8 36. g4 hxg4 37. hxg4 Bh6 38. f4 Bf8 39. Kd3 Rd8+ 40. Rd4 Rxd4+
41. Kxd4 Ke6 42. Ke4 Bd6 43. Bd4 Bc7 44. f5+ gxf5+ 45. gxf5+ Kf7 46. Bc3 b6 47.
Bd4 b5 48. axb5 axb5 49. Bf2 Bd8 50. Bg3 Be7 51. Ke5 Bb4 52. Bh4 c5 53. Kd5 c4
54. bxc4 bxc4 55. Kxc4 Bf8 1/2-1/2

[Event "9.Offene Senioren SH 2015"]
[Site "Buesum"]
[Date "2015.09.30"]
[Round "3.41"]
[White "Priss, Klaus-Peter"]
[Black "Bars, Joachim"]
[Result "1/2-1/2"]
[WhiteElo "1603"]
[BlackElo "1945"]
[PlyCount "75"]
[EventDate "2015.??.??"]
[WhiteTeam "Wyker TB"]
[BlackTeam "SV Heessen"]

1. e4 c6 2. Nf3 d5 3. Nc3 d4 4. Na4 Bg4 5. b3 e6 6. d3 Nf6 7. Be2 c5 8. O-O Nc6
9. a3 Qc7 10. h3 Bh5 11. Nh2 Bxe2 12. Qxe2 h6 13. Nb2 Be7 14. Nc4 b5 15. Nd2 O-O
16. f4 Rfe8 17. Rf2 Nh7 18. Ndf1 f5 19. e5 Bf8 20. Rf3 Qf7 21. Rg3 Be7 22. Nf3
Kh8 23. Bd2 Rg8 24. h4 Qe8 25. N1h2 Qd8 26. Rh3 Bf8 27. Kh1 Qe8 28. Rg1 Ne7 29.
h5 Nd5 30. Nh4 Ne7 31. g4 Qc6+ 32. N2f3 g5 33. fxg5 Nxg5 34. Rhg3 Nxf3 35. Qxf3
fxg4 36. Rxg4 Rxg4 37. Rxg4 Nf5 38. Qg2 1/2-1/2

[Event "9.Offene Senioren SH 2015"]
[Site "Buesum"]
[Date "2015.09.30"]
[Round "3.42"]
[White "Raessler, Arndt"]
[Black "Dachrodt, Heinz-Guenther"]
[Result "1/2-1/2"]
[WhiteElo "1944"]
[BlackElo "1772"]
[PlyCount "25"]
[EventDate "2015.??.??"]
[WhiteTeam "ASV Wismar"]
[BlackTeam "Sport Union Annen"]

1. d4 Nf6 2. Nf3 g6 3. Bg5 Bg7 4. c3 d6 5. Nbd2 O-O 6. e3 c5 7. dxc5 dxc5 8.
Bxf6 Bxf6 9. Ne4 Qxd1+ 10. Rxd1 b6 11. Nxf6+ exf6 12. Be2 Ba6 13. Bxa6 1/2-1/2

[Event "9.Offene Senioren SH 2015"]
[Site "Buesum"]
[Date "2015.09.30"]
[Round "3.43"]
[White "Juergens, Peter"]
[Black "Garms, Ilse"]
[Result "1-0"]
[WhiteElo "1943"]
[BlackElo "1745"]
[PlyCount "127"]
[EventDate "2015.??.??"]
[WhiteTeam "SC Tempo Goettingen"]
[BlackTeam "ESV Eberswalde"]

1. d4 d5 2. Nf3 g6 3. Bf4 Bg7 4. e3 c6 5. Be2 Nf6 6. O-O O-O 7. c4 e6 8. Nc3 b6
9. Rc1 Bb7 10. Qb3 Nh5 11. Bg5 Bf6 12. Bxf6 Nxf6 13. Rfd1 Qe7 14. Qc2 Nbd7 15.
a3 dxc4 16. Bxc4 Nd5 17. e4 Nxc3 18. Qxc3 Nf6 19. e5 Nd5 20. Qd2 Kg7 21. Ng5 f6
22. Ne4 fxe5 23. dxe5 Rad8 24. Nd6 Nc7 25. Qe3 Nd5 26. Bxd5 cxd5 27. Rc3 Ba6 28.
Rdc1 Rd7 29. b4 Bc4 30. g3 Rfd8 31. f4 Rxd6 32. exd6 Qxd6 33. Qd4+ Kf7 34. Re3
Qe7 35. Rcc3 Bb5 36. Rc1 Bc4 37. Re5 Qf6 38. a4 Qe7 39. Qc3 a6 40. Rce1 Rd6 41.
Qd4 Qd7 42. Rc1 b5 43. a5 Qc7 44. Ree1 Rd8 45. Kf2 Qd6 46. Rb1 Qe7 47. Red1 Ra8
48. Re1 Qa7 49. Ke3 Qxd4+ 50. Kxd4 Rc8 51. Rbc1 Kf6 52. Re5 h6 53. g4 Rc6 54.
Rc3 g5 55. f5 exf5 56. Rxf5+ Kg6 57. Ke5 h5 58. gxh5+ Kxh5 59. Rg3 Rg6 60. Rf6
Rxf6 61. Kxf6 g4 62. Ke5 Ba2 63. h3 gxh3 64. Rxh3+ 1-0

[Event "9.Offene Senioren SH 2015"]
[Site "Buesum"]
[Date "2015.09.30"]
[Round "3.44"]
[White "Fuss, Jan"]
[Black "Hilbig, Klaus"]
[Result "1/2-1/2"]
[WhiteElo "1936"]
[BlackElo "1726"]
[PlyCount "118"]
[EventDate "2015.??.??"]
[WhiteTeam "Herforder SV Koenigsspringer"]
[BlackTeam "Ahrensburger TSV"]

1. e4 e6 2. d4 d5 3. Nd2 Nf6 4. e5 Nfd7 5. Bd3 c5 6. c3 Nc6 7. Ne2 Qb6 8. Nf3
cxd4 9. cxd4 f6 10. exf6 Nxf6 11. O-O Bd6 12. a3 O-O 13. Bd2 Bd7 14. b4 Rac8 15.
Rc1 a6 16. Re1 e5 17. dxe5 Nxe5 18. Nxe5 Bxe5 19. Be3 Qd6 20. Bc5 Bxh2+ 21. Kh1
Qe5 22. Ng3 Qg5 23. Kxh2 Qh4+ 24. Kg1 Ng4 25. Rc2 Rxc5 26. bxc5 Ba4 27. Nf5 Qh2+
28. Kf1 Qh1+ 29. Ke2 Qxg2 30. Rf1 Re8+ 31. Kd2 Nxf2 32. Ne3 Rxe3 33. Kc1 Nxd3+
34. Qxd3 Qxc2+ 35. Qxc2 Bxc2 36. Kxc2 Rxa3 37. Rd1 Ra2+ 38. Kb3 Rf2 39. Rxd5 Rf7
40. Rd8+ Rf8 41. Rd7 Rb8 42. Kb4 h5 43. Ka5 Rc8 44. Rd5 g6 45. Kb6 Rf8 46. Kxb7
a5 47. c6 a4 48. c7 Kg7 49. Ra5 Rf7 50. Rxa4 g5 51. Kb6 Rf6+ 52. Kb7 Rf7 53. Rc4
h4 54. Kb6 Rf8 55. Kc5 Kg6 56. Kd6 h3 57. c8=Q Rxc8 58. Rxc8 Kf5 59. Rf8+ Kg4
1/2-1/2

[Event "9.Offene Senioren SH 2015"]
[Site "Buesum"]
[Date "2015.09.30"]
[Round "3.45"]
[White "Riha, Peter"]
[Black "Stecklina, Otto"]
[Result "0-1"]
[WhiteElo "1787"]
[BlackElo "1933"]
[PlyCount "56"]
[EventDate "2015.??.??"]
[WhiteTeam "Schleswiger SV von 1919"]
[BlackTeam "Freibauer Wedemark"]

1. d4 d5 2. Bf4 Nf6 3. e3 e6 4. Nd2 Bd6 5. Bg3 Nc6 6. c4 Ne7 7. Ngf3 Nf5 8. Bxd6
Nxd6 9. Be2 c6 10. O-O O-O 11. Rc1 Nde4 12. Nxe4 Nxe4 13. Nd2 f5 14. Nf3 Bd7 15.
c5 Be8 16. Ne5 Qg5 17. Nf3 Qe7 18. Ne5 Rf6 19. Qe1 Rh6 20. f3 Nf6 21. Bd3 Nd7
22. f4 Bh5 23. Rc2 Nxe5 24. fxe5 Qg5 25. Rf4 Bg4 26. Be2 Qh5 27. Qg3 Bxe2 28.
Rxe2 Qxe2 0-1

[Event "9.Offene Senioren SH 2015"]
[Site "Buesum"]
[Date "2015.09.30"]
[Round "3.46"]
[White "Meinke, Dietlind"]
[Black "Weck, Uwe"]
[Result "1/2-1/2"]
[WhiteElo "1931"]
[BlackElo "1697"]
[PlyCount "66"]
[EventDate "2015.??.??"]
[WhiteTeam "MTV Leck"]
[BlackTeam "SK Kaltenkirchen"]

1. e4 c5 2. Nc3 d6 3. f4 Nf6 4. Nf3 g6 5. Bc4 Bg7 6. d3 Nc6 7. O-O a6 8. a4 Qc7
9. Nd5 Nxd5 10. Bxd5 Nd4 11. Ng5 e6 12. Bc4 h6 13. Nf3 Bd7 14. c3 Nxf3+ 15. Qxf3
Bc6 16. Qe3 O-O 17. Bb3 Rae8 18. Qh3 b5 19. axb5 axb5 20. Be3 Qe7 21. f5 exf5
22. Bxh6 c4 23. dxc4 Bxh6 24. Qxh6 Qxe4 25. Qg5 bxc4 26. Rae1 Qxe1 27. Rxe1
Rxe1+ 28. Kf2 Rfe8 29. Bxc4 Kg7 30. Qd2 d5 31. Qd4+ f6 32. Bf1 R1e4 33. Qd2 g5
1/2-1/2

[Event "9.Offene Senioren SH 2015"]
[Site "Buesum"]
[Date "2015.09.30"]
[Round "3.48"]
[White "Lachat, Martin"]
[Black "Bullert, Wolfgang"]
[Result "0-1"]
[WhiteElo "1538"]
[BlackElo "1923"]
[PlyCount "80"]
[EventDate "2015.??.??"]
[WhiteTeam "ASK Reti Zuerich"]
[BlackTeam "SV Potsdam Mitte"]

1. c4 f5 2. d4 Nf6 3. Nf3 g6 4. Nc3 Bg7 5. Bf4 d6 6. Qd2 a5 7. Rd1 Na6 8. e4
fxe4 9. Nxe4 O-O 10. a3 Qe8 11. Nxf6+ exf6+ 12. Be2 Bf5 13. Qe3 g5 14. Qxe8
Raxe8 15. Be3 Bd7 16. h3 Nb8 17. d5 h6 18. h4 g4 19. Nd4 f5 20. Rd3 f4 21. Bd2
Bxd4 22. Rxd4 f3 23. gxf3 gxf3 24. Bxh6 Rxe2+ 25. Kf1 Rxb2 26. Rd1 Rf7 27. Be3
Rb3 28. h5 Kh7 29. h6 b5 30. c5 dxc5 31. Bxc5 b4 32. axb4 axb4 33. Rh4 Na6 34.
Bd4 Bb5+ 35. Kg1 Be2 36. Rc1 Rd3 37. Rc6 Rd1+ 38. Kh2 Rf5 39. d6 cxd6 40. Rc8
Rxd4 0-1

[Event "9.Offene Senioren SH 2015"]
[Site "Buesum"]
[Date "2015.09.30"]
[Round "3.49"]
[White "Manthey, Wolfgang"]
[Black "Kierzek, Mira"]
[Result "0-1"]
[WhiteElo "1780"]
[BlackElo "2054"]
[PlyCount "120"]
[EventDate "2015.??.??"]
[WhiteTeam "Helmstedter SV"]
[BlackTeam "SC Fulda"]

1. g3 Nf6 2. Bg2 c5 3. Nf3 Nc6 4. O-O g6 5. d3 Bg7 6. Nbd2 O-O 7. Re1 d6 8. c3
Qc7 9. e4 Rb8 10. Nf1 b5 11. d4 e5 12. d5 Ne7 13. Ng5 h6 14. Nh3 c4 15. Kh1 Nd7
16. f3 Kh7 17. g4 Nc5 18. Nf2 f5 19. gxf5 gxf5 20. Ng3 f4 21. Nh5 Bh8 22. Rg1
Ng8 23. Bh3 Nd3 24. Nxd3 Bxh3 25. Ndxf4 exf4 26. Nxf4 Bc8 27. Nh5 Qf7 28. f4 Nf6
29. Nxf6+ Bxf6 30. Qc2 Qh5 31. Bd2 Kh8 32. f5 Be5 33. Rg2 Bd7 34. Be3 Rg8 35.
Rag1 a6 36. Qd2 Kh7 37. Rg6 Rxg6 38. Rxg6 Qf3+ 39. Kg1 Rg8 40. Rxg8 Kxg8 41.
Qg2+ Qxg2+ 42. Kxg2 Kh7 43. Bd4 Bf4 44. h4 Bc1 45. b3 cxb3 46. axb3 a5 47. c4
bxc4 48. bxc4 Ba3 49. Kf3 Ba4 50. Ke3 Bc2 51. h5 Bd1 52. e5 dxe5 53. Bxe5 Bxh5
54. Bc7 Bc5+ 55. Ke4 a4 56. d6 Be8 57. Kd5 Bb4 58. Ke6 a3 59. d7 Bxd7+ 60. Kxd7
Bc3 0-1

[Event "9.Offene Senioren SH 2015"]
[Site "Buesum"]
[Date "2015.09.30"]
[Round "3.50"]
[White "Eschweiler, Gottfried"]
[Black "Hagermann, Hermann"]
[Result "0-1"]
[WhiteElo "1775"]
[BlackElo "1949"]
[PlyCount "76"]
[EventDate "2015.??.??"]
[WhiteTeam "SG Neuss"]
[BlackTeam "SV Erkenschwick"]

1. Nf3 d5 2. g3 c5 3. d3 Nc6 4. Nbd2 e5 5. e4 d4 6. Bg2 Be7 7. O-O g5 8. a4 g4
9. Ne1 h5 10. Nc4 h4 11. f4 gxf3 12. Qxf3 f6 13. g4 Be6 14. b3 h3 15. Bxh3 Qd7
16. Qg3 O-O-O 17. Rf5 Bxf5 18. exf5 Nh6 19. Bg2 Rdg8 20. Bxh6 Rxh6 21. Be4 Rgh8
22. Nf3 Rh3 23. Qg2 Nb4 24. a5 Bd6 25. Bxb7+ Kc7 26. a6 e4 27. dxe4 Bxh2+ 28.
Nxh2 Rxh2 29. Qg3+ Kd8 30. Qb8+ Ke7 31. Qxa7 Rh1+ 32. Kf2 Rxa1 33. Qxc5+ Kf7 34.
Qxb4 Qc7 35. e5 fxe5 36. Nd6+ Kg7 37. Ne4 Qxc2+ 38. Nd2 Qxd2+ 0-1

[Event "9.Offene Senioren SH 2015"]
[Site "Buesum"]
[Date "2015.09.30"]
[Round "3.51"]
[White "Daebel, Hasso"]
[Black "Wittkugel, Friedhelm"]
[Result "0-1"]
[WhiteElo "1737"]
[BlackElo "1944"]
[PlyCount "106"]
[EventDate "2015.??.??"]
[WhiteTeam "SG Drewer"]
[BlackTeam "SV Kamen"]

1. Nf3 d5 2. d4 g6 3. Bf4 Bg7 4. h3 Nf6 5. e3 O-O 6. Nbd2 Nbd7 7. Be2 c6 8. c3
Re8 9. Ne5 Qb6 10. Qb3 Qa5 11. Nxd7 Nxd7 12. Nf3 f6 13. Qb4 Qd8 14. O-O a5 15.
Qa4 b5 16. Qc2 e5 17. dxe5 fxe5 18. Bg5 Nf6 19. Nh4 Be6 20. Nf3 Bf7 21. Nh2 h6
22. Bxf6 Qxf6 23. Ng4 Qe6 24. f3 Rab8 25. Rae1 b4 26. cxb4 Rxb4 27. Nf2 Reb8 28.
b3 a4 29. Nd3 axb3 30. axb3 R4b6 31. Rb1 Bf8 32. b4 Bxb4 33. Rxb4 Rxb4 34. Nxb4
Rxb4 35. Rb1 c5 36. Rxb4 cxb4 37. Qc5 b3 38. Bd3 e4 39. fxe4 dxe4 40. Bb1 Qd5
41. Qxd5 Bxd5 42. Kf2 Kf7 43. g3 g5 44. Ke2 Kf6 45. Kd2 h5 46. Kc3 Ke5 47. Kb4
Be6 48. Kc3 Bxh3 49. Kxb3 h4 50. gxh4 gxh4 51. Kc3 Bg4 52. Kd2 h3 53. Ke1 h2 0-1

[Event "9.Offene Senioren SH 2015"]
[Site "Buesum"]
[Date "2015.09.30"]
[Round "3.52"]
[White "Hoelzel, Gerhard"]
[Black "Perk, Egbert"]
[Result "0-1"]
[WhiteElo "1718"]
[BlackElo "1916"]
[PlyCount "82"]
[EventDate "2015.??.??"]
[WhiteTeam "Ahrensburger TSV"]
[BlackTeam "SK Lister Turm"]

1. f4 e5 2. fxe5 d6 3. Nf3 dxe5 4. e4 Bg4 5. Be2 Bxf3 6. Bxf3 Bc5 7. Qe2 c6 8.
d3 Qb6 9. Nc3 Ne7 10. Na4 Qb4+ 11. Nc3 Bd4 12. Qd2 Qd6 13. Qe2 b5 14. Be3 Qb4
15. O-O Qxb2 16. Bxd4 exd4 17. Nxb5 Qxb5 18. Bh5 Ng6 19. Bxg6 hxg6 20. Qf2 O-O
21. Qxd4 Qb6 22. Qf2 Qxf2+ 23. Rxf2 c5 24. Rb1 Nd7 25. Rb7 Ne5 26. Rb5 Rfc8 27.
h3 f6 28. Rd2 Rc7 29. Rd1 Rd8 30. Kf2 Rd4 31. Ke2 Ra4 32. Rb2 Rd7 33. Rdb1 c4
34. dxc4 Rxc4 35. Ke3 Rc3+ 36. Ke2 Rdc7 37. Kd1 Rg3 38. c4 Nxc4 39. Rb8+ Kh7 40.
Re8 Rxg2 41. Rbb8 Ne3+ 0-1